Terraria Large Crafting Trees (1.4.4) - Statistics

General Stats
  • This quiz has been taken 376 times
  • The average score is 46 of 93
Answer Stats
Hint Answer % Correct
Terraspark Boots Hermes Boots/Sailfish Boots/Dunerider Boots/Flurry Boots
92%
Terraspark Boots Aglet
81%
Terraspark Boots Ice Skates
81%
Arctic Diving Gear Ice Skates
81%
Terraspark Boots Obsidian Skull
81%
Ankh Shield Obsidian Skull
81%
Terraspark Boots Rocket Boots
79%
Terraspark Boots Anklet of the Wind
75%
Zenith Copper Shortsword
75%
Terraspark Boots Water Walking Boots
73%
Terraspark Boots Lightning Boots
72%
Zenith Terra Blade
71%
Terraspark Boots Lava Charm
70%
Zenith Meowmere
70%
Zenith Night's Edge
70%
Terraspark Boots Lava Waders
69%
Zenith Excalibur
67%
Zenith True Night's Edge
67%
Zenith True Excalibur
66%
Terraspark Boots Obsidian Rose
65%
Zenith Starfury
65%
Zenith Blade of Grass
63%
Zenith Muramasa
63%
Zenith Star Wrath
63%
Terraspark Boots Frostspark Boots
61%
Terraspark Boots Spectre Boots
61%
Zenith Volcano
60%
Zenith Blood Butcherer/Light's Bane
58%
Zenith Enchanted Sword
58%
Zenith The Horseman's Blade
57%
Ankh Shield Cobalt Shield
56%
Zenith Seedler
56%
Shellphone Cellphone
54%
Shellphone Depth Meter
54%
Zenith Influx Waver
54%
Ankh Shield Bezoar
52%
Shellphone Magic Mirror/Ice Mirror
51%
Fire Gauntlet Magma Stone
51%
Shellphone Radar
50%
Zenith Bee Keeper
49%
Shellphone Sextant
48%
Fire Gauntlet Titan Glove
48%
Fire Gauntlet Avenger Emblem
47%
Recon Scope Avenger Emblem
47%
Zenith Broken Hero Sword
47%
Shellphone DPS Meter
47%
Fire Gauntlet Feral Claws
47%
Recon Scope Sniper Scope
47%
Ankh Shield Ankh Charm
46%
Shellphone Compass
46%
Shellphone Goblin Tech
46%
Shellphone Metal Detector
46%
Terraspark Boots Obsidian Water Walking Boots/Molten Charm/Molten Skull Rose/Magma Skull/Obsidian Skull Rose
46%
Fire Gauntlet Mechanical Glove
45%
Ankh Shield Obsidian Shield
45%
Shellphone GPS
43%
Shellphone Magic Conch
43%
Shellphone Tally Counter
41%
Ankh Shield Armor Polish
40%
Ankh Shield Blindfold
40%
Ankh Shield Nazar
40%
Shellphone PDA
40%
Fire Gauntlet Power Glove
40%
Shellphone Stopwatch
40%
Fire Gauntlet Warrior Emblem/Ranger Emblem/Sorcerer Emblem/Summoner Emblem/Emblem
40%
Recon Scope Warrior Emblem/Ranger Emblem/Sorcerer Emblem/Summoner Emblem/Emblem
40%
Ankh Shield Trifold Map
39%
Ankh Shield Megaphone
38%
Shellphone Demon Conch
37%
Arctic Diving Gear Flipper
37%
Shellphone Gold Watch/Platinum Watch
37%
Arctic Diving Gear Diving Gear
36%
Shellphone Lifeform Analyzer
36%
Arctic Diving Gear Diving Helmet
33%
Ankh Shield The Plan
33%
Ankh Shield Adhesive Bandage
32%
Ankh Shield Medicated Bandage
32%
Ankh Shield Pocket Mirror
32%
Ankh Shield Vitamins
32%
Ankh Shield Fast Clock
31%
Arctic Diving Gear Jellyfish Necklace
30%
Recon Scope Destroyer Emblem
29%
Shellphone Fisherman's Pocket Guide
29%
Shellphone Fish Finder
29%
Shellphone R.E.K 3000
29%
Shellphone Weather Radio
28%
Ankh Shield Countercurse Mantra
27%
Arctic Diving Gear Jellyfish Diving Gear
27%
Recon Scope Putrid Scent
25%
Recon Scope Eye of the Golem
22%
Ankh Shield Armor Bracing
21%
Ankh Shield Reflective Shades
19%
Recon Scope Rifle Scope
16%
No matching quizzes found
Score Distribution
Percent of People with Each Score
Percentile by Number Answered
Your Score History
You have not taken this quiz